Philosophy in Germany in 1831-1933
Gorde:
| Egile nagusia: | |
|---|---|
| Formatua: | Liburua |
| Hizkuntza: | Undetermined |
| Argitaratua: |
Cambridge
Cambridge University Press
1984
|
| Gaiak: | |
| Etiketak: |
Etiketa erantsi
Etiketarik gabe, Izan zaitez lehena erregistro honi etiketa jartzen!
|
| Thư viện lưu trữ: | Trung tâm Học liệu Trường Đại học Cần Thơ |
|---|
| LEADER | 00501nam a2200181Ia 4500 | ||
|---|---|---|---|
| 001 | CTU_89450 | ||
| 008 | 210402s9999 xx 000 0 und d | ||
| 082 | |a 193 | ||
| 082 | |b S357 | ||
| 100 | |a Schnadelbach, Herbert | ||
| 245 | 0 | |a Philosophy in Germany in 1831-1933 | |
| 245 | 0 | |c Herbert Schnadelbach | |
| 260 | |a Cambridge | ||
| 260 | |b Cambridge University Press | ||
| 260 | |c 1984 | ||
| 650 | |a Philosophy, German | ||
| 904 | |i Nguyên | ||
| 980 | |a Trung tâm Học liệu Trường Đại học Cần Thơ | ||